000 00613nam a2200205Ii 4500
003 JO-AjNU
008 230605s9999||||xx |||||||||||||| ||und||
040 _aJO-AjNU
_bara
_erda
_cJO-AjNU
041 _aara
050 1 4 _aTK152.S8258 1992
100 3 _aطه، صبحي ,
_eauthor
_99254
245 0 0 _aالامن الكهربائي
250 _aط2
264 3 1 _aدمشق: دار المعرفة، 1992
300 _a196ص
336 _atext
_btxt
_2rdacontent
337 _aunmediated
_bn
_2rdamedia
338 _avolume
_bnc
_2rdacarrier
650 4 _aكهرباء-وقاية-هندسة كهربائية
_99255
999 _aA1204
_c4772
_d4772